[Event "CZE-chT U18 Extraliga final-A 1718"]
[Site "Czech Republic"]
[Date "2018.04.20"]
[Round "8.3"]
[White "Hrbek, Stepan"]
[Black "Aubrecht, Petr"]
[Result "1-0"]
[WhiteElo "1904"]
[BlackElo "2001"]
[PlyCount "94"]
[EventDate "2017.10.07"]
[EventType "team-tourn"]
[EventRounds "11"]
[EventCountry "CZE"]
[SourceTitle "EXT 2023"]
[Source "ChessBase"]
[SourceDate "2022.10.05"]
[SourceVersion "1"]
[SourceVersionDate "2022.10.05"]
[SourceQuality "1"]
[WhiteTeam "Frydek Mistek Interchess (U18)"]
[BlackTeam "Praha Bohemians (U18)"]
[WhiteTeamCountry "CZE"]
[BlackTeamCountry "CZE"]

1. e4 c5 2. Nf3 Nc6 3. d4 cxd4 4. Nxd4 Nf6 5. Nc3 d6 6. Be2 e5 7. Nb3 Be6 8. Bg5 Be7 9. 0-0 0-0 10. Bxf6 Bxf6 11. Bf3 Bg5 12. Nd5 f5 13. exf5 Bxf5 14. Bg4 a5 15. Bxf5 Rxf5 16. Qd3 g6 17. Nd2 Bxd2 18. Qxd2 Nd4 19. Rad1 Qh4 20. f4 Rf7 21. fxe5 Rxf1+ 22. Rxf1 dxe5 23. Qe3 Nxc2 24. Qb3 Nd4 25. Qe3 Nf5 26. Qxe5 Qd4+ 27. Qxd4 Nxd4 28. Rd1 Nc6 29. Nc3 Ne5 30. h3 Kf7 31. Kf2 Ke6 32. Ne4 Rf8+ 33. Kg3 Nd7 34. Ng5+ Ke7 35. Nxh7 Rf5 36. h4 Rb5 37. Rd2 Nf6 38. Re2+ Kf7 39. Rf2 Rb6 40. Rxf6+ Rxf6 41. Nxf6 Kxf6 42. Kf4 a4 43. g4 Kg7 44. a3 Kf6 45. Ke4 Ke6 46. Kd4 Kf6 47. Kd5 Kf7 1-0

[Event "CZE-chT U18 Extraliga West 1617"]
[Site "Czech Republic"]
[Date "2017.01.21"]
[Round "7.2"]
[White "Aubrecht, Petr"]
[Black "Balek, Filip"]
[Result "0-1"]
[WhiteElo "1917"]
[BlackElo "1712"]
[PlyCount "66"]
[EventDate "2016.10.01"]
[EventType "team-tourn"]
[EventRounds "11"]
[EventCountry "CZE"]
[SourceTitle "EXT 2022"]
[Source "ChessBase"]
[SourceDate "2021.10.06"]
[SourceVersion "1"]
[SourceVersionDate "2021.10.06"]
[SourceQuality "1"]
[WhiteTeam "Praha Bohemians U18"]
[BlackTeam "Bustehrad U18"]
[WhiteTeamCountry "CZE"]
[BlackTeamCountry "CZE"]

1. e4 c6 2. d4 d5 3. Nc3 dxe4 4. Nxe4 Bf5 5. Ng3 Bg6 6. h4 h6 7. Nf3 Nf6 8. Bd3 Bxd3 9. Qxd3 e6 10. Bd2 Nbd7 11. 0-0-0 Qc7 12. c4 0-0-0 13. Bc3 Kb8 14. Kb1 c5 15. d5 exd5 16. cxd5 Bd6 17. Nf5 g6 18. Nxd6 Qxd6 19. h5 g5 20. Qf5 Rhe8 21. Rhe1 Rxe1 22. Rxe1 Nxd5 23. Be5 Nxe5 24. Nxe5 Nb4 25. Rc1 Qd5 26. Rxc5 Qxa2+ 27. Kc1 Qa1+ 28. Qb1 Rd1+ 29. Kxd1 Qxb1+ 30. Rc1 Qf5 31. Rc5 Qe6 32. Kd2 Qd6+ 33. Ke2 f6 0-1

[Event "EU-ch U16 26th"]
[Site "Prague"]
[Date "2016.08.18"]
[Round "1"]
[White "Aubrecht, Petr"]
[Black "Banzea, Alexandru Bogdan"]
[Result "1/2-1/2"]
[WhiteElo "1959"]
[BlackElo "2287"]
[PlyCount "112"]
[EventDate "2016.08.18"]
[EventType "swiss"]
[EventRounds "9"]
[EventCountry "CZE"]
[SourceTitle "CBM 174 Extra"]
[Source "ChessBase"]
[SourceDate "2016.10.10"]
[SourceVersion "1"]
[SourceVersionDate "2016.10.10"]
[SourceQuality "1"]

1. Nf3 Nf6 2. c4 e6 3. g3 b6 4. Bg2 Bb7 5. 0-0 c5 6. Nc3 Be7 7. d4 cxd4 8. Qxd4 d6 9. b3 a6 10. Rd1 Nbd7 11. Ba3 Nc5 12. Nd2 Bxg2 13. Kxg2 Qc7 14. Rac1 Rd8 15. Nce4 Nfxe4 16. Nxe4 0-0 17. Bb2 e5 18. Qd5 Nxe4 19. Qxe4 Rd7 20. Qd5 Rfd8 21. e4 Qc5 22. Rc2 Kf8 23. h4 Rc7 24. Rcd2 Qxd5 25. Rxd5 Rc5 26. R5d3 b5 27. cxb5 axb5 28. Ba3 Rc6 29. Rd5 f6 30. Bb4 Rc2 31. a3 Rb2 32. Rxb5 Rxb3 33. Rb7 Rc8 34. Ra7 Rc6 35. Rd5 Rb2 36. Kf3 h5 37. Rb5 Rc3+ 38. Kg2 Rcc2 39. Rb8+ Kf7 40. Rbb7 Rxf2+ 41. Kg1 Rg2+ 42. Kf1 Rxg3 43. Rxe7+ Kg8 44. Be1 Rg4 45. Bc3 Rc2 46. Bb4 Kh8 47. Rac7 Ra2 48. Rc8+ Kh7 49. Rec7 Rf4+ 50. Ke1 Rxh4 51. Rc2 Rh1+ 52. Kd2 Rh2+ 53. Kd3 Rh3+ 54. Kd2 Rh2+ 55. Kd1 Rh1+ 56. Ke2 Rh2+ 1/2-1/2

[Event "Ricany op-A"]
[Site "Ricany"]
[Date "2014.08.28"]
[Round "7"]
[White "Grecny, Karol"]
[Black "Aubrecht, Petr"]
[Result "0-1"]
[WhiteElo "1888"]
[BlackElo "1539"]
[PlyCount "44"]
[EventDate "2014.08.23"]
[EventType "swiss"]
[EventRounds "9"]
[EventCountry "CZE"]
[SourceTitle "EXT 2015"]
[Source "ChessBase"]
[SourceDate "2014.11.20"]
[SourceVersion "1"]
[SourceVersionDate "2014.11.20"]
[SourceQuality "1"]

1. e4 e5 2. Nf3 Nf6 3. d3 Nc6 4. c3 d6 5. Be2 Be7 6. Nbd2 d5 7. exd5 Nxd5 8. Nc4 f6 9. Be3 Be6 10. 0-0 Nxe3 11. Nxe3 Bc5 12. b4 Bb6 13. Qc2 Qe7 14. Nc4 Rc8 15. a4 a6 16. b5 Bxc4 17. bxc6 Bd5 18. cxb7 Bxb7 19. Nd2 a5 20. Nc4 Bd5 21. Rab1 Qc5 22. Bg4 Rb8 0-1